000 00340 a2200157 4500
001 192486
020 _a978-85-260-2114-3
040 _cMagnum
100 _aRey, Marcos
240 1 0 _aNão era uma vez...
_lpor
245 1 0 _aNão era uma vez...
300 _a41
362 0 _a2015
697 _aLITERATURA INFANTO-JUVENIL
942 _cBK
999 _c192486
_d192486